Разработка составов и технологии получения корундовой бронекерамики с радиопоглощающим феррит-содержащим покрытием: автореферат диссертации на соискание ученой степени кандидата технических наук; спец. 05.17.11

Бібліографічні деталі
Автор: Непочатов Ю. К. Юрий Кондратович
Співавтори: Сибирский государственный университет путей сообщения (СГУПС), Керамик Инжиниринг
Інші автори: Плетнев П. М. Петр Михайлович (научный руководитель)
Резюме:Защита сост. 30.09.2014 г.
Мова:Російська
Опубліковано: Томск, 2014
Предмети:
Формат: Книга
KOHA link:https://koha.lib.tpu.ru/cgi-bin/koha/opac-detail.pl?biblionumber=275841

MARC

LEADER 00000nam0a2200000 4500
001 275841
005 20231101234850.0
035 |a (RuTPU)RU\TPU\book\299094 
090 |a 275841 
100 |a 20141117d2014 k y0rusy50 ca 
101 0 |a rus 
102 |a RU 
105 |a a dm 001zy 
200 1 |a Разработка составов и технологии получения корундовой бронекерамики с радиопоглощающим феррит-содержащим покрытием  |e автореферат диссертации на соискание ученой степени кандидата технических наук  |e спец. 05.17.11  |f Ю. К. Непочатов  |g Сибирский государственный университет путей сообщения (СГУПС) ; Керамик Инжиниринг ; науч. рук. П. М. Плетнев 
210 |a Томск  |d 2014 
215 |a 22 с.  |c ил. 
300 |a Защита сост. 30.09.2014 г. 
320 |a Библиогр.: с. 21-22 (19 назв.). 
452 1 |0 (RuTPU)RU\TPU\book\289975  |t Разработка составов и технологии получения корундовой бронекерамики с радиопоглощающим феррит-содержащим покрытием  |o автореферат диссертации на соискание ученой степени кандидата технических наук  |o спец. 05.17.11  |f Ю. К. Непочатов  |g Сибирский государственный университет путей сообщения (СГУПС) ; Керамик Инжиниринг ; науч. рук. П. М. Плетнев  |c Томск  |d 2014  |a Непочатов, Юрий Кондратьевич 
606 1 |a Бронекерамика  |2 stltpush  |3 (RuTPU)RU\TPU\subj\73607  |9 86517 
610 1 |a бронезащитные материалы 
610 1 |a радиопоглощающие материалы 
610 1 |a виды 
610 1 |a свойства 
610 1 |a корундовая керамика 
610 1 |a исходное сырье 
610 1 |a спекание 
610 1 |a поглотители 
610 1 |a ферритовые наполнители 
610 1 |a корундовая бронекерамика 
610 1 |a технология 
610 1 |a авторефераты диссертаций 
675 |a 666.3(04)  |v 3 
686 |a 05.17.11  |2 oksvnk 
700 1 |a Непочатов  |b Ю. К.  |g Юрий Кондратович 
702 1 |a Плетнев  |b П. М.  |g Петр Михайлович  |4 727 
712 0 2 |a Сибирский государственный университет путей сообщения (СГУПС)  |c (Новосибирск)  |2 stltpush  |3 (RuTPU)RU\TPU\col\140 
712 0 2 |a Керамик Инжиниринг  |c Общество с ограниченной ответственностью  |c (Новосибирск)  |2 stltpush  |3 (RuTPU)RU\TPU\col\20016  |9 27677 
801 1 |a RU  |b 63413507  |c 20141117 
801 2 |a RU  |b 63413507  |c 20150603  |g RCR 
942 |c BK